Materia oscura : (Record no. 920)

MARC details
000 -LEADER
campo de control de longitud fija 00734nam a22002297a 4500
005 - FECHA Y HORA DE LA ÚLTIMA TRANSACCIÓN
campo de control 20220326193347.0
008 - DATOS DE LONGITUD FIJA--INFORMACIÓN GENERAL
campo de control de longitud fija 160528b ck||||| |||| 00| 0 spa d
020 ## - NÚMERO INTERNACIONAL ESTÁNDAR DEL LIBRO
Número Internacional Estándar del Libro 9789585805231
041 ## - CÓDIGO DE IDIOMA
Código de lengua del texto/banda sonora o título independiente spa
082 04 - NÚMERO DE LA CLASIFICACIÓN DECIMAL DEWEY
Número de clasificación 700.103
Número de ítem S559m
100 1# - ENTRADA PRINCIPAL--NOMBRE DE PERSONA
Nombre de persona Sholette, Gregory.
9 (RLIN) 5043
245 10 - MENCIÓN DEL TÍTULO
Título Materia oscura :
Resto del título arte activista y la esfera pública de oposición /
Mención de responsabilidad, etc. Gregory Sholette ; traducido por Sonia Muñoz.
250 ## - MENCION DE EDICION
Mención de edición 1a ed.
260 ## - PUBLICACIÓN, DISTRIBUCIÓN, ETC.
Lugar de publicación, distribución, etc. Cali, Colombia :
Nombre del editor, distribuidor, etc. Fundación Editorial Archivos del Índice ; Taurus,
Fecha de publicación, distribución, etc. 2015.
300 ## - DESCRIPCIÓN FÍSICA
Extensión 64 p.
Dimensiones 22 cm.
653 10 - TÉRMINO DE INDIZACIÓN--NO CONTROLADO
Término no controlado Arte activista
653 10 - TÉRMINO DE INDIZACIÓN--NO CONTROLADO
Término no controlado Ensayos
653 10 - TÉRMINO DE INDIZACIÓN--NO CONTROLADO
Término no controlado Filosofía del arte
653 10 - TÉRMINO DE INDIZACIÓN--NO CONTROLADO
Término no controlado Arte contemporáneo
653 10 - TÉRMINO DE INDIZACIÓN--NO CONTROLADO
Término no controlado Cultura visual
700 1# - ENTRADA AGREGADA--NOMBRE PERSONAL
Nombre de persona Muñoz, Sonia.
Término indicativo de función/relación tr.
9 (RLIN) 5044
Holdings
Estatus retirado Estado de pérdida Fuente del sistema de clasificación o colocación Estado de daño No para préstamo Biblioteca de origen Biblioteca actual Ubicación en estantería Fecha de adquisición Total de préstamos Signatura topográfica completa Código de barras Visto por última vez Precio de reemplazo Tipo de ítem Koha
    Clasificación Decimal Dewey     Biblioteca LadoV Biblioteca LadoV   28/05/2016   700.103 S559m 004196 28/05/2016 28/05/2016 Material 01